00210nam a2200097 4500020001800000082001200018100001700030245003400047260002300081300000800104 a9780713995039 a509 GRI aJohn Gribbin aScience A History 1543 - 2001 a LondonbBCAc2002 a647